[Event "ESP tch Segunda División 2014"]
[Site "Linares ESP"]
[Date "2014.08.18"]
[Round "1.1"]
[White "Campayo Hernandez, Juan"]
[Black "Antoli Royo, Joaquin Miguel"]
[Result "0-1"]
[WhiteElo "2084"]
[BlackElo "2428"]
[PlyCount "61"]
[EventDate "2014.08.18"]
[EventType "team-swiss"]
[EventRounds "6"]
[EventCountry "ESP"]
[Source "lmi"]
[SourceDate "2014.08.18"]
[WhiteTeam "C.D.E. AJEDREZ TARAZONA"]
[BlackTeam "JAIME CASAS"]

1. g3 c5 2. c4 Nc6 3. Bg2 g6 4. Nc3 Bg7 5. a3 a5 6. Nf3 e5 7. O-O d6 8. Ne1 Be6
9. Nd5 Nge7 10. Nc2 O-O 11. Rb1 Rb8 12. b4 cxb4 13. axb4 b5 14. bxa5 bxc4 15.
Nxe7+ Nxe7 16. Rxb8 Qxb8 17. Ba3 Qc7 18. a6 d5 19. d3 c3 20. Qa1 Ra8 21. Bxe7
Qxe7 22. Qa5 Bf8 23. Ra1 Qd6 24. Qxc3 Rxa6 25. Rxa6 Qxa6 26. Qxe5 Qa2 27. Ne3
Qxe2 28. Bxd5 Bh3 29. Bg2 Qe1+ 30. Bf1 Bxf1 31. Qc5 0-1

[Event "ESP tch Segunda División 2014"]
[Site "Linares ESP"]
[Date "2014.08.18"]
[Round "1.1"]
[White "Fontana Sotomayor, Luis Javier"]
[Black "Trabazos Gallego, Javier"]
[Result "1-0"]
[WhiteElo "2308"]
[BlackElo "1881"]
[PlyCount "73"]
[EventDate "2014.08.18"]
[EventType "team-swiss"]
[EventRounds "6"]
[EventCountry "ESP"]
[Source "lmi"]
[SourceDate "2014.08.18"]
[WhiteTeam "JAIME CASAS"]
[BlackTeam "C.D.E. AJEDREZ TARAZONA"]

1. d4 Nf6 2. Nf3 g6 3. Nbd2 c5 4. dxc5 Qa5 5. a3 Qxc5 6. b4 Qb6 7. Bb2 Bg7 8.
e3 O-O 9. c4 d6 10. Be2 Nbd7 11. O-O Qc7 12. Rc1 b6 13. Nd4 Bb7 14. Nb5 Qc8 15.
Qb3 a6 16. Nc3 Ra7 17. Rfd1 Ba8 18. Nd5 Nxd5 19. cxd5 Qb8 20. Bxg7 Kxg7 21.
Qc3+ Kg8 22. e4 b5 23. h4 Nb6 24. Bg4 h5 25. Bh3 Bb7 26. Qc7 Ba8 27. Qc3 Bb7
28. Nf3 Nc4 29. Nd4 Ba8 30. Rd3 Rc7 31. Nf5 f6 32. Rg3 Kh7 33. Nd4 Rf7 34. Ne6
Rc8 35. Rxg6 Kxg6 36. Bf5+ Kh6 37. Qg3 1-0

[Event "ESP tch Segunda División 2014"]
[Site "Linares ESP"]
[Date "2014.08.18"]
[Round "1.1"]
[White "Garza Marco, Sergio"]
[Black "Parada Medrano, Ivan"]
[Result "1-0"]
[WhiteElo "2445"]
[BlackElo "2150"]
[PlyCount "60"]
[EventDate "2014.08.18"]
[EventType "team-swiss"]
[EventRounds "6"]
[EventCountry "ESP"]
[Source "lmi"]
[SourceDate "2014.08.18"]
[WhiteTeam "JAIME CASAS"]
[BlackTeam "C.D.E. AJEDREZ TARAZONA"]

1. d4 d5 2. c4 c6 3. Nf3 Nf6 4. Nbd2 g6 5. g3 Bg7 6. Bg2 O-O 7. O-O dxc4 8.
Nxc4 Be6 9. Qc2 Bd5 10. Ncd2 Bxf3 11. Nxf3 Nbd7 12. Rd1 Qb6 13. e4 Rac8 14. Bh3
e6 15. Be3 Qa5 16. Bg2 Rfd8 17. b4 Qxb4 18. Rab1 Qa5 19. Rxb7 Qa6 20. Rbb1 Ng4
21. Bg5 Bf6 22. Bf1 Qa3 23. Rb3 Qe7 24. Bc1 c5 25. Ba6 Rc7 26. Rc3 Nb8 27. Bb5
Rb7 28. Rxc5 Bg7 29. e5 Bh6 30. Bf1 Bf8 1-0

[Event "ESP tch Segunda División 2014"]
[Site "Linares ESP"]
[Date "2014.08.18"]
[Round "1.1"]
[White "Serna Lara, Sergio"]
[Black "Forcen Esteban, Daniel"]
[Result "0-1"]
[WhiteElo "2260"]
[BlackElo "2536"]
[PlyCount "62"]
[EventDate "2014.08.18"]
[EventType "team-swiss"]
[EventRounds "6"]
[EventCountry "ESP"]
[Source "lmi"]
[SourceDate "2014.08.18"]
[WhiteTeam "C.D.E. AJEDREZ TARAZONA"]
[BlackTeam "JAIME CASAS"]

1. d4 Nf6 2. c4 g6 3. Nc3 d5 4. Nf3 Bg7 5. Bf4 c5 6. dxc5 Qa5 7. cxd5 Nxd5 8.
Qxd5 Bxc3+ 9. Bd2 Be6 10. Qd3 Bxd2+ 11. Qxd2 Qxc5 12. Nd4 Bd7 13. Rc1 Qb6 14.
e3 O-O 15. Bc4 Rd8 16. Qe2 Qa5+ 17. Rc3 Nc6 18. Nxc6 Bxc6 19. O-O Rd7 20. Rd1
Rxd1+ 21. Qxd1 Rd8 22. Qe2 Rd6 23. a3 Qf5 24. f3 Qb1+ 25. Kf2 Qh1 26. h3 Rd1
27. Rd3 Rg1 28. Rd8+ Kg7 29. Kg3 h5 30. h4 g5 31. Rd4 e5 0-1

[Event "ESP tch Segunda División 2014"]
[Site "Linares ESP"]
[Date "2014.08.18"]
[Round "1.2"]
[White "Capellades Subirana, Marc"]
[Black "Espinosa Aranda, Angel"]
[Result "0-1"]
[WhiteElo "2188"]
[BlackElo "2385"]
[PlyCount "108"]
[EventDate "2014.08.18"]
[EventType "team-swiss"]
[EventRounds "6"]
[EventCountry "ESP"]
[Source "lmi"]
[SourceDate "2014.08.18"]
[WhiteTeam "PEONA I PEO, CLUB D'ESCACS"]
[BlackTeam "64 VILLALBA"]

1. e4 c5 2. Nf3 d6 3. d4 cxd4 4. Nxd4 Nf6 5. Nc3 Nc6 6. Be2 g6 7. Be3 Bg7 8.
Qd2 O-O 9. Rd1 Ng4 10. Bxg4 Bxg4 11. f3 Be6 12. O-O Rc8 13. Nxc6 Rxc6 14. Bd4
Bxd4+ 15. Qxd4 Qa5 16. Rf2 Rfc8 17. a3 Qb6 18. Qxb6 Rxb6 19. Na4 Rbc6 20. Rdd2
b5 21. Nc3 a6 22. Nd5 Bxd5 23. exd5 Rc4 24. c3 a5 25. Rfe2 Kf8 26. Kf2 b4 27.
axb4 axb4 28. cxb4 Rxb4 29. Re4 Rb5 30. Rde2 Rc7 31. Rd4 Rcb7 32. Rdd2 Kg7 33.
g3 Kf6 34. Kg2 Rb3 35. Kf2 R7b5 36. Kg2 g5 37. Kf2 Ra5 38. Re3 Rbb5 39. Rde2
Ra2 40. Rxe7 Rbxb2 41. f4 gxf4 42. gxf4 Rxe2+ 43. Rxe2 Ra5 44. Rd2 Kf5 45. Rd4
f6 46. h3 Ra3 47. Kg2 h5 48. Kh2 Re3 49. Ra4 Rd3 50. Ra5 Kxf4 51. Ra4+ Kf5 52.
Ra8 Rxd5 53. Kg3 Rd4 54. Rd8 h4+ 0-1

[Event "ESP tch Segunda División 2014"]
[Site "Linares ESP"]
[Date "2014.08.18"]
[Round "1.2"]
[White "Corriguelas Armillas, Frederic"]
[Black "Lopez del Alamo, Antonio"]
[Result "1-0"]
[WhiteElo "2035"]
[BlackElo "2275"]
[PlyCount "69"]
[EventDate "2014.08.18"]
[EventType "team-swiss"]
[EventRounds "6"]
[EventCountry "ESP"]
[Source "lmi"]
[SourceDate "2014.08.18"]
[WhiteTeam "PEONA I PEO, CLUB D'ESCACS"]
[BlackTeam "64 VILLALBA"]

1. e4 c5 2. Nf3 e6 3. Nc3 Nc6 4. d4 cxd4 5. Nxd4 Nf6 6. Ndb5 d6 7. Bf4 e5 8.
Bg5 a6 9. Na3 b5 10. Nab1 Be7 11. Bxf6 Bxf6 12. a4 bxa4 13. Rxa4 O-O 14. Bc4
Nd4 15. O-O Bg5 16. Nd5 a5 17. c3 Ne6 18. b4 Bd7 19. Ra3 axb4 20. cxb4 Rc8 21.
Qd3 Nd4 22. Nbc3 Kh8 23. b5 f5 24. f3 Rc5 25. Ra6 Qb8 26. Rb1 Bc8 27. Rb6 Qa7
28. Kh1 fxe4 29. fxe4 Qd7 30. Rf1 Rd8 31. Na4 Bb7 32. Nxc5 dxc5 33. Qa3 Bxd5
34. Bxd5 Nc2 35. Qxc5 1-0

[Event "ESP tch Segunda División 2014"]
[Site "Linares ESP"]
[Date "2014.08.18"]
[Round "1.2"]
[White "Moreno Trujillo, Alejandro"]
[Black "Matnadze, Ana"]
[Result "1-0"]
[WhiteElo "2525"]
[BlackElo "2385"]
[PlyCount "185"]
[EventDate "2014.08.18"]
[EventType "team-swiss"]
[EventRounds "6"]
[EventCountry "ESP"]
[Source "lmi"]
[SourceDate "2014.08.18"]
[WhiteTeam "64 VILLALBA"]
[BlackTeam "PEONA I PEO, CLUB D'ESCACS"]

1. d4 Nf6 2. c4 e6 3. Nc3 Bb4 4. Qc2 d5 5. a3 Bxc3+ 6. Qxc3 Ne4 7. Qc2 c5 8.
dxc5 Nc6 9. Nf3 Qa5+ 10. Bd2 Qxc5 11. e3 Nxd2 12. Nxd2 d4 13. e4 a5 14. f4 g5
15. Nb3 Qe7 16. O-O-O e5 17. fxe5 Qxe5 18. Qf2 Bg4 19. Be2 Bxe2 20. Qxe2 a4 21.
Nd2 O-O 22. h4 Rac8 23. hxg5 Qg7 24. Kb1 Ne5 25. Rc1 Rc5 26. Rh3 b5 27. Qf2
Nxc4 28. Rd3 Rd8 29. Qf6 Nxd2+ 30. Rxd2 Qxg5 31. Qxd8+ Qxd8 32. Rxc5 d3 33. Rd5
Qh4 34. R5xd3 Qxe4 35. Ka1 Qe1+ 36. Rd1 Qe2 37. R3d2 Qg4 38. Rd8+ Kg7 39. R1d2
h5 40. R8d4 Qf5 41. g3 Qe5 42. R2d3 Qe1+ 43. Ka2 f6 44. Rc3 Qe6+ 45. Kb1 Qf5+
46. Kc1 Qf1+ 47. Rd1 Qe2 48. Rcd3 Kg6 49. R1d2 Qe1+ 50. Kc2 Qe4 51. Rf2 Qe5 52.
Rdf3 Qe4+ 53. Kd2 Qd4+ 54. Ke1 Kg7 55. Kf1 Qc4+ 56. Kg2 Qe4 57. Kh2 Qd4 58. Rf4
Qd6 59. Rf5 Qd4 60. Rg2 Kh6 61. Rxb5 h4 62. Rb4 hxg3+ 63. Kh3 Qd7+ 64. Kxg3 Kg6
65. Rf4 Qc7 66. Kh3+ Kf7 67. Rgf2 Qc8+ 68. Kg3 Qg8+ 69. Kf3 Qb8 70. Rb4 Qd6 71.
Re2 Qd3+ 72. Kf2 Qf5+ 73. Ke1 Qa5 74. Kd1 Qd5+ 75. Rd2 Qh5+ 76. Kc1 Qh1+ 77.
Rd1 Qh6+ 78. Kb1 Qh5 79. Rdd4 Qf5+ 80. Ka1 Qe6 81. Rxa4 Qe1+ 82. Ka2 Qe6+ 83.
Rac4 Kg6 84. Kb1 Qe1+ 85. Rc1 Qe3 86. Rdd1 Qe4+ 87. Ka1 Kf7 88. Rf1 Kg7 89. Rc3
Qd4 90. Rcf3 Qc4 91. Rxf6 Qd4 92. R6f4 Qd5 93. Rg1+ 1-0

[Event "ESP tch Segunda División 2014"]
[Site "Linares ESP"]
[Date "2014.08.18"]
[Round "1.2"]
[White "Napoli, Nicolo"]
[Black "Cervello Tost, Ferran"]
[Result "1-0"]
[WhiteElo "2315"]
[BlackElo "2141"]
[PlyCount "63"]
[EventDate "2014.08.18"]
[EventType "team-swiss"]
[EventRounds "6"]
[EventCountry "ESP"]
[Source "lmi"]
[SourceDate "2014.08.18"]
[WhiteTeam "64 VILLALBA"]
[BlackTeam "PEONA I PEO, CLUB D'ESCACS"]

1. d4 Nf6 2. Nc3 d5 3. Bg5 c6 4. Qd3 g6 5. f3 Bg7 6. e4 O-O 7. O-O-O b5 8. e5
Nfd7 9. Qd2 Nb6 10. h4 Nc4 11. Bxc4 bxc4 12. Bh6 f6 13. Re1 e6 14. h5 Rf7 15.
hxg6 hxg6 16. Bxg7 Rxg7 17. Qh6 Kf7 18. Nh3 Na6 19. exf6 Qxf6 20. Re5 Nc7 21.
Na4 Bd7 22. Nc5 Ke7 23. Ng5 Rag8 24. Nh7 Rxh7 25. Qxh7+ Rg7 26. Qh8 Nb5 27. Rh7
Qf4+ 28. Kb1 Rf7 29. Rxf7+ Qxf7 30. Qh4+ Kd6 31. a4 g5 32. Rxg5 1-0

[Event "ESP tch Segunda División 2014"]
[Site "Linares ESP"]
[Date "2014.08.18"]
[Round "1.3"]
[White "Cuenca Jimenez, Francisco Javier"]
[Black "Valdezate Suarez, Fernando"]
[Result "1-0"]
[WhiteElo "2172"]
[BlackElo "1968"]
[PlyCount "85"]
[EventDate "2014.08.18"]
[EventType "team-swiss"]
[EventRounds "6"]
[EventCountry "ESP"]
[Source "lmi"]
[SourceDate "2014.08.18"]
[WhiteTeam "CLUB AJEDREZ NAZARI"]
[BlackTeam "CONTENEO BILBAO HAITZAK"]

1. c4 Nf6 2. g3 g6 3. Bg2 Bg7 4. Nc3 O-O 5. e4 d6 6. Nge2 e5 7. O-O c6 8. d3
Qc7 9. h3 h6 10. f4 Nbd7 11. Be3 Kh7 12. Qd2 b6 13. Rac1 Bb7 14. f5 Rad8 15. g4
gxf5 16. Rxf5 Ng8 17. g5 f6 18. gxh6 Bh8 19. h4 Ne7 20. Bh3 Rg8+ 21. Kh2 Nf8
22. Ng3 Bc8 23. Qf2 Rxg3 24. Kxg3 Nxf5+ 25. Bxf5+ Bxf5 26. Qxf5+ Kg8 27. Qg4+
Kh7 28. Qf5+ Kg8 29. Kh2 Qh7 30. Rg1+ Kf7 31. Qf3 Ne6 32. Qh5+ Ke7 33. Ne2 Rg8
34. Ng3 Kd7 35. Nf5 Rxg1 36. Kxg1 Qg8+ 37. Kf2 Nf8 38. Ng7 Bxg7 39. Qg4+ Ne6
40. h5 Ke7 41. hxg7 Qxg7 42. Qxg7+ Nxg7 43. h6 1-0

[Event "ESP tch Segunda División 2014"]
[Site "Linares ESP"]
[Date "2014.08.18"]
[Round "1.3"]
[White "Dura Olmos, Gines Raul"]
[Black "Garcia Rodriguez, Victor"]
[Result "1/2-1/2"]
[WhiteElo "2032"]
[BlackElo "2179"]
[PlyCount "139"]
[EventDate "2014.08.18"]
[EventType "team-swiss"]
[EventRounds "6"]
[EventCountry "ESP"]
[Source "lmi"]
[SourceDate "2014.08.18"]
[WhiteTeam "CONTENEO BILBAO HAITZAK"]
[BlackTeam "CLUB AJEDREZ NAZARI"]

1. e4 e5 2. Nf3 Nc6 3. Bb5 a6 4. Ba4 Nf6 5. O-O b5 6. Bb3 Be7 7. Re1 d6 8. c3
O-O 9. h3 Na5 10. Bc2 c5 11. d4 exd4 12. cxd4 Bb7 13. Nbd2 Re8 14. Nf1 Bf8 15.
Ng3 h6 16. b3 g6 17. d5 Bg7 18. Bb2 Rc8 19. Qd2 b4 20. Bd3 Ra8 21. Qc2 Bc8 22.
Nd2 Bd7 23. a3 bxa3 24. Rxa3 Bb5 25. Rea1 Bxd3 26. Qxd3 Nb7 27. Rxa6 Rb8 28.
Nc4 h5 29. f3 Nd7 30. Bxg7 Kxg7 31. Qc3+ Kh7 32. Nxd6 Nxd6 33. Rxd6 Qc7 34.
Raa6 Nb6 35. Qf6 c4 36. Nf5 gxf5 37. Raxb6 Rxb6 38. Rxb6 c3 39. Rc6 Qa7+ 40.
Kh2 fxe4 41. fxe4 Qb8+ 42. g3 Qa7 43. h4 Qa2+ 44. Kh3 Qa7 45. Rxc3 Qd7+ 46.
Qf5+ Qxf5+ 47. exf5 Kg7 48. g4 Kf6 49. Kg3 hxg4 50. Kf4 Rb8 51. Rc6+ Ke7 52.
Kxg4 f6 53. Re6+ Kf7 54. Re3 Rb4+ 55. Kg3 Rd4 56. h5 Kg7 57. Re6 Rxd5 58. Kf4
Rb5 59. Re3 Rb4+ 60. Kg3 Kh6 61. Kf2 Rb5 62. Rf3 Kxh5 63. Ke2 Kg4 64. Kf2 Rxf5
65. Rxf5 Kxf5 66. b4 Ke5 67. Kf3 Kd5 68. Kf4 Kc4 69. Kf5 Kxb4 70. Ke4 1/2-1/2

[Event "ESP tch Segunda División 2014"]
[Site "Linares ESP"]
[Date "2014.08.18"]
[Round "1.3"]
[White "Ladron de Guevara Pinto, Paolo"]
[Black "Nava Pereda, Carlos"]
[Result "1-0"]
[WhiteElo "2355"]
[BlackElo "2284"]
[PlyCount "58"]
[EventDate "2014.08.18"]
[EventType "team-swiss"]
[EventRounds "6"]
[EventCountry "ESP"]
[Source "lmi"]
[SourceDate "2014.08.18"]
[WhiteTeam "CLUB AJEDREZ NAZARI"]
[BlackTeam "CONTENEO BILBAO HAITZAK"]

1. e4 e6 2. d4 d5 3. Nc3 Nf6 4. e5 Nfd7 5. f4 c5 6. Nf3 Nc6 7. Be3 Be7 8. Qd2
O-O 9. Be2 a6 10. O-O b5 11. Nd1 Qb6 12. Nf2 a5 13. c3 Ba6 14. g4 b4 15. Bxa6
Qxa6 16. f5 bxc3 17. bxc3 cxd4 18. cxd4 Rfc8 19. Bg5 Bb4 20. Qf4 Nf8 21. Bf6
exf5 22. gxf5 Nxd4 23. Nxd4 gxf6 24. Kh1 Nd7 25. e6 fxe6 26. fxe6 Nf8 27. Qxf6
Ng6 28. Ng4 Bf8 29. Nf5 Be7 1-0

[Event "ESP tch Segunda División 2014"]
[Site "Linares ESP"]
[Date "2014.08.18"]
[Round "1.4"]
[White "Fernandez Garcia, Jose Miguel"]
[Black "Tejedor Fuentes, Enrique"]
[Result "1-0"]
[WhiteElo "2353"]
[BlackElo "2293"]
[PlyCount "75"]
[EventDate "2014.08.18"]
[EventType "team-swiss"]
[EventRounds "6"]
[EventCountry "ESP"]
[Source "lmi"]
[SourceDate "2014.08.18"]
[WhiteTeam "SHAHMAT (SANLUCAR DE BARRAMEDA - CADIZ)"]
[BlackTeam "CLUB AJEDREZ SALCEDO PIELAGOS"]

1. d4 Nf6 2. Nf3 d5 3. e3 c5 4. c4 e6 5. Nc3 Nc6 6. a3 a6 7. dxc5 Bxc5 8. b4
Ba7 9. Bb2 O-O 10. Qc2 Qe7 11. Be2 Bd7 12. Rd1 Rac8 13. cxd5 exd5 14. O-O Rfd8
15. Qb1 Bg4 16. Rfe1 Rd7 17. Ng5 Be6 18. b5 axb5 19. Nxb5 Ne4 20. Nxe4 dxe4 21.
Nxa7 Nxa7 22. Qxe4 Rcd8 23. h3 Nc6 24. Rxd7 Qxd7 25. Rd1 Qxd1+ 26. Bxd1 Rxd1+
27. Kh2 Rd2 28. Qa4 f6 29. Qa8+ Kf7 30. Qxb7+ Ne7 31. f3 Bd5 32. Qb4 Rd3 33. e4
Be6 34. Bc3 Nc6 35. Qc5 Nb8 36. Qh5+ Ke7 37. Bb4+ Kd8 38. Qb5 1-0

[Event "ESP tch Segunda División 2014"]
[Site "Linares ESP"]
[Date "2014.08.18"]
[Round "1.4"]
[White "Mate Adan, Carlos"]
[Black "Escobar Dominguez, Daniel"]
[Result "1-0"]
[WhiteElo "2267"]
[BlackElo "2338"]
[PlyCount "35"]
[EventDate "2014.08.18"]
[EventType "team-swiss"]
[EventRounds "6"]
[EventCountry "ESP"]
[Source "lmi"]
[SourceDate "2014.08.18"]
[WhiteTeam "CLUB AJEDREZ SALCEDO PIELAGOS"]
[BlackTeam "SHAHMAT (SANLUCAR DE BARRAMEDA - CADIZ)"]

1. e4 c5 2. g3 Nc6 3. Bg2 g6 4. d3 Bg7 5. f4 e6 6. Nf3 Nge7 7. O-O b5 8. c3 b4
9. Be3 Qa5 10. Nbd2 bxc3 11. Nc4 cxb2 12. Rb1 Qc3 13. Rxb2 Bd4 14. Nxd4 Nxd4
15. Qb1 Ndc6 16. e5 d5 17. Rb3 Qxb3 18. Nd6+ 1-0

[Event "ESP tch Segunda División 2014"]
[Site "Linares ESP"]
[Date "2014.08.18"]
[Round "1.4"]
[White "Oñate Mendez, Elias"]
[Black "Roqueni Canal, Ramon"]
[Result "0-1"]
[WhiteElo "2234"]
[BlackElo "2033"]
[PlyCount "53"]
[EventDate "2014.08.18"]
[EventType "team-swiss"]
[EventRounds "6"]
[EventCountry "ESP"]
[Source "lmi"]
[SourceDate "2014.08.18"]
[WhiteTeam "SHAHMAT (SANLUCAR DE BARRAMEDA - CADIZ)"]
[BlackTeam "CLUB AJEDREZ SALCEDO PIELAGOS"]

1. d4 Nf6 2. Bg5 d5 3. e3 c6 4. Bd3 g6 5. Bxf6 exf6 6. Ne2 Bd6 7. c4 dxc4 8.
Bxc4 O-O 9. Nbc3 f5 10. Qc2 Nd7 11. h3 Nf6 12. O-O-O b5 13. Bd3 Be6 14. Kb1 Qa5
15. Nc1 Rac8 16. Nb3 Qb6 17. e4 fxe4 18. Nxe4 Nxe4 19. Bxe4 c5 20. Nxc5 Bxc5
21. dxc5 Rxc5 22. Qd2 Rfc8 23. a3 b4 24. Qxb4 Rb5 25. Qd4 Qa6 26. Qf6 Rcb8 27.
Rd3 0-1

[Event "ESP tch Segunda División 2014"]
[Site "Linares ESP"]
[Date "2014.08.18"]
[Round "1.4"]
[White "Renilla Merchan, Andres"]
[Black "Urbina Perez, Juan Antonio"]
[Result "0-1"]
[WhiteElo "1866"]
[BlackElo "2171"]
[PlyCount "84"]
[EventDate "2014.08.18"]
[EventType "team-swiss"]
[EventRounds "6"]
[EventCountry "ESP"]
[Source "lmi"]
[SourceDate "2014.08.18"]
[WhiteTeam "CLUB AJEDREZ SALCEDO PIELAGOS"]
[BlackTeam "SHAHMAT (SANLUCAR DE BARRAMEDA - CADIZ)"]

1. e4 e5 2. Nf3 Nc6 3. d4 exd4 4. Nxd4 Nf6 5. Nxc6 bxc6 6. Bd3 d6 7. O-O Be7 8.
Nd2 O-O 9. b3 Nd7 10. Bb2 Bf6 11. Bxf6 Qxf6 12. Nf3 Re8 13. Re1 Rb8 14. Qd2 Nc5
15. b4 Nxd3 16. cxd3 Bg4 17. Rac1 Bxf3 18. gxf3 Qxf3 19. Qe2 Qh3 20. Rxc6 Re6
21. f4 Rg6+ 22. Kh1 Rxb4 23. Rxc7 h6 24. Rc2 d5 25. f5 Rg5 26. exd5 Qxf5 27.
Rc4 Qxd5+ 28. Qe4 Qxe4+ 29. Rcxe4 Rxe4 30. Rxe4 Kf8 31. Ra4 a5 32. h4 Rd5 33.
Kg2 Ke7 34. Kf2 Kd6 35. Ke3 Kc6 36. Ke4 Rh5 37. Rc4+ Rc5 38. Rd4 Rb5 39. Rc4+
Kd6 40. Ke3 Rb4 41. Kd4 g5 42. Rxb4 axb4 0-1

[Event "ESP tch Segunda División 2014"]
[Site "Linares ESP"]
[Date "2014.08.18"]
[Round "1.5"]
[White "Campayo Hernandez, Juan"]
[Black "Antoli Royo, Joaquin Miguel"]
[Result "1/2-1/2"]
[WhiteElo "2084"]
[BlackElo "2428"]
[PlyCount "122"]
[EventDate "2014.08.18"]
[EventType "team-swiss"]
[EventRounds "6"]
[EventCountry "ESP"]
[Source "lmi"]
[SourceDate "2014.08.18"]
[WhiteTeam "C.D.E. AJEDREZ TARAZONA"]
[BlackTeam "JAIME CASAS"]

1. d4 b6 2. Nf3 Bb7 3. c4 e6 4. Nc3 Bb4 5. Bd2 Nf6 6. Rc1 O-O 7. a3 Bxc3 8.
Bxc3 Ne4 9. e3 d6 10. Bd3 Nd7 11. Bxe4 Bxe4 12. O-O Qf6 13. Ne1 Bb7 14. f3 Qh6
15. Bd2 f5 16. b4 Rad8 17. Rf2 c5 18. Qa4 a6 19. Qc2 Qh4 20. Qb2 Ba8 21. a4 Rc8
22. a5 bxa5 23. bxc5 dxc5 24. Bxa5 Rb8 25. Qa1 Rfc8 26. Bc3 Qg5 27. f4 Qe7 28.
Qxa6 Nf6 29. Rb2 Re8 30. Rxb8 Rxb8 31. dxc5 Ng4 32. Qd6 Qe8 33. h3 Rd8 34. Qc7
Rd7 35. Qb6 Rb7 36. Qa6 Nf6 37. Ra1 Rb8 38. Be5 Rc8 39. Qa7 Nd7 40. Bd6 Be4 41.
Qa3 e5 42. Qc3 exf4 43. exf4 Nxc5 44. Bxc5 Rxc5 45. Ra7 Qg6 46. Ra5 Rc8 47. c5
h6 48. Kh2 Kh7 49. Qg3 Qf7 50. Qc3 Rc6 51. Nf3 Qc7 52. Ne5 Re6 53. Qa1 Re7 54.
Ra3 Qxc5 55. Rg3 Rb7 56. Qa6 Qb6 57. Qxb6 Rxb6 58. h4 g6 59. Rc3 Rb2 60. Rg3
Rb6 61. Nd7 Rd6 1/2-1/2

[Event "ESP tch Segunda División 2014"]
[Site "Linares ESP"]
[Date "2014.08.18"]
[Round "1.5"]
[White "Ibarra Jerez, Juan Miguel"]
[Black "Marin Corresa, Arturo"]
[Result "0-1"]
[WhiteElo "2249"]
[BlackElo "2156"]
[PlyCount "121"]
[EventDate "2014.08.18"]
[EventType "team-swiss"]
[EventRounds "6"]
[EventCountry "ESP"]
[Source "lmi"]
[SourceDate "2014.08.18"]
[WhiteTeam "INTERNATIONAL TOTANA CHESS CLUB"]
[BlackTeam "CLUB DE AJEDREZ BURJASSOT"]

1. g3 c5 2. Bg2 Nc6 3. e4 g6 4. d3 Bg7 5. Nc3 d6 6. Be3 Nh6 7. h3 f5 8. Qd2 Nf7
9. Nge2 Nd4 10. Nd1 O-O 11. f4 Bd7 12. Ng1 Bc6 13. c3 fxe4 14. dxe4 Nb5 15. g4
e6 16. Nf2 Qa5 17. Ne2 Rad8 18. O-O d5 19. Bxc5 Nxc3 20. Bxf8 Nxe2+ 21. Qxe2
Bxf8 22. Rfd1 d4 23. e5 Qb6 24. Bxc6 bxc6 25. Rd3 c5 26. Rb3 Qc6 27. Rc1 Qd5
28. g5 Be7 29. h4 Rd7 30. h5 Nxg5 31. hxg6 h6 32. Rd1 c4 33. Rb8+ Kg7 34. fxg5
Bxg5 35. Qe4 Be3 36. Kg2 Qxe4+ 37. Nxe4 Kxg6 38. Nd6 Rc7 39. Kf3 c3 40. bxc3
Rxc3 41. Rg8+ Kh7 42. Rg2 Bg1+ 43. Ke4 Be3 44. Ne8 Bg5 45. Kxd4 Ra3 46. Rdg1
Ra5 47. Nf6+ Kg6 48. Rf1 Rb5 49. Ke4 Rb4+ 50. Kd3 Rb5 51. Re2 Ra5 52. Kc4 a6
53. Nd7 Ra4+ 54. Kb3 Ra5 55. Kb4 Rb5+ 56. Kc4 Be7 57. Rg2+ Bg5 58. a4 Rb7 59.
Nc5 Rc7 60. Kd4 Rc6 61. Rf6+ 0-1

[Event "ESP tch Segunda División 2014"]
[Site "Linares ESP"]
[Date "2014.08.18"]
[Round "1.5"]
[White "Jimenez Villena, Francisco Jose"]
[Black "Gil Gimenez, Jose Vicente"]
[Result "1-0"]
[WhiteElo "2126"]
[BlackElo "2014"]
[PlyCount "88"]
[EventDate "2014.08.18"]
[EventType "team-swiss"]
[EventRounds "6"]
[EventCountry "ESP"]
[Source "lmi"]
[SourceDate "2014.08.18"]
[WhiteTeam "INTERNATIONAL TOTANA CHESS CLUB"]
[BlackTeam "CLUB DE AJEDREZ BURJASSOT"]

1. Nf3 d5 2. g3 c6 3. Bg2 g6 4. O-O Bg7 5. d3 Nf6 6. Nbd2 O-O 7. e4 dxe4 8.
dxe4 Nbd7 9. Qe2 Nc5 10. Rd1 Qc7 11. Nc4 Ne6 12. Bd2 h6 13. Bc3 Nd7 14. Bxg7
Kxg7 15. Qe3 Kh7 16. Qc3 a5 17. a4 b5 18. Nce5 Nxe5 19. Nxe5 Ra6 20. axb5 cxb5
21. Qxc7 Nxc7 22. Nd7 Re8 23. e5 Bxd7 24. Rxd7 Ne6 25. Rb7 Kg7 26. Rxb5 Nd4 27.
Raxa5 Rxa5 28. Rxa5 Nxc2 29. Ra8 Kf8 30. f4 Rxa8 31. Bxa8 Ke8 32. Kf2 Kd7 33.
Be4 Nb4 34. Ke3 Ke6 35. Kd4 f5 36. exf6 Kxf6 37. Kc4 Na6 38. b4 g5 39. b5 Nb8
40. Kc5 gxf4 41. gxf4 Ke6 42. Kb6 Nd7+ 43. Kc6 Nf6 44. b6 Ng8 1-0

[Event "ESP tch Segunda División 2014"]
[Site "Linares ESP"]
[Date "2014.08.18"]
[Round "1.5"]
[White "Quinonero Simon, Jose B"]
[Black "Ibarra Jerez, Jose Carlos"]
[Result "0-1"]
[WhiteElo "2168"]
[BlackElo "2521"]
[PlyCount "94"]
[EventDate "2014.08.18"]
[EventType "team-swiss"]
[EventRounds "6"]
[EventCountry "ESP"]
[Source "lmi"]
[SourceDate "2014.08.18"]
[WhiteTeam "CLUB DE AJEDREZ BURJASSOT"]
[BlackTeam "INTERNATIONAL TOTANA CHESS CLUB"]

1. e4 e6 2. d4 c5 3. Nf3 cxd4 4. Nxd4 a6 5. Nc3 b5 6. Bd3 Qb6 7. Nb3 Qc7 8. O-O
Bb7 9. Qe2 Nc6 10. f4 Be7 11. Be3 d6 12. Qf2 Nf6 13. Bb6 Qb8 14. a3 h5 15. Rae1
g6 16. Qe2 Ng4 17. Kh1 Bh4 18. Rd1 Bd8 19. Bg1 Nf6 20. Qd2 h4 21. Be2 Be7 22.
Bf3 Qc7 23. Nd4 Na5 24. b3 Rc8 25. Nde2 Nc6 26. Be3 Ba8 27. b4 Nd7 28. a4 Nb6
29. Bxb6 Qxb6 30. axb5 axb5 31. Rb1 g5 32. Qd3 Rb8 33. fxg5 Ne5 34. Qd4 Bxg5
35. Qxb6 Rxb6 36. Nd4 Ke7 37. Ndxb5 h3 38. Ra1 hxg2+ 39. Kxg2 Bc6 40. Ra7+ Bd7
41. Be2 Rhb8 42. Rd1 Be3 43. Nc7 Kd8 44. Na6 Rc8 45. Nb1 Rxc2 46. Kf1 Bb5 47.
Bxb5 Rf2+ 0-1

[Event "ESP tch Segunda División 2014"]
[Site "Linares ESP"]
[Date "2014.08.18"]
[Round "1.6"]
[White "Alvarez Fernandez, Enrique"]
[Black "Insua Mellado, Jose Luis"]
[Result "1/2-1/2"]
[WhiteElo "2355"]
[BlackElo "2131"]
[PlyCount "129"]
[EventDate "2014.08.18"]
[EventType "team-swiss"]
[EventRounds "6"]
[EventCountry "ESP"]
[Source "lmi"]
[SourceDate "2014.08.18"]
[WhiteTeam "REAL GRUPO DE CULTURA COVADONGA"]
[BlackTeam "RUY LOPEZ DE CHICLANA"]

1. d4 d5 2. Nf3 Nc6 3. Bf4 Bg4 4. e3 e6 5. c4 Bd6 6. Bg3 Nf6 7. Nc3 O-O 8. Qb3
Bxf3 9. gxf3 Na5 10. Qa4 Nxc4 11. Bxc4 dxc4 12. Qxc4 Nd5 13. O-O Nxc3 14. bxc3
Qg5 15. Rab1 b6 16. Qc6 Rad8 17. Rb5 Qg6 18. Kh1 Qd3 19. Rbb1 Bxg3 20. hxg3 Rd5
21. Kg2 Ra5 22. a4 h5 23. Rfd1 Qg6 24. Rb5 Rxa4 25. Rh1 f5 26. Re5 Qe8 27. Rxe6
Qxc6 28. Rxc6 Rf7 29. Rxh5 Ra1 30. Rh1 Rxh1 31. Kxh1 a5 32. Kg2 a4 33. Rc4 b5
34. Rb4 c6 35. Rb1 Ra7 36. Kf1 Kf7 37. Ke2 Ke6 38. Kd3 g5 39. e4 fxe4+ 40. fxe4
Rf7 41. Ke2 g4 42. c4 Rb7 43. d5+ cxd5 44. exd5+ Ke5 45. cxb5 Kxd5 46. Rb4 a3
47. Ra4 Rxb5 48. Rxa3 Rb4 49. Ra8 Ke4 50. Rf8 Ke5 51. Kf1 Ra4 52. Kg2 Rb4 53.
f4+ gxf3+ 54. Rxf3 Rb6 55. Kh3 Rg6 56. Kh4 Rg8 57. g4 Rh8+ 58. Kg3 Rg8 59. Rf5+
Ke6 60. Kf4 Rg6 61. Ra5 Kf7 62. Ra7+ Kg8 63. Kf5 Rb6 64. g5 Rc6 65. Ke4 1/2-1/2